| 000 | 01284cam a2200313 i 4500 | ||
|---|---|---|---|
| 001 | 24722 | ||
| 003 | Mx-PuUPA | ||
| 005 | 20240730084018.0 | ||
| 008 | 140415s2009 mx ae gr 000 0 spa d | ||
| 020 | _a9786077753056 | ||
| 040 |
_cMx-PuUPA _aMx-PuUPA _bspa _dMx-PuUPA _erda |
||
| 041 | 0 | _aspa | |
| 100 | 1 |
_aGonzález González, Ana Margarita, _916002 _eautor |
|
| 245 | 1 | 0 |
_aArquitectura histórica de Mexicali : _bescuelas y edificios públicos / _cAna Margarita González González, Cuauhtémoc Robles Cairo |
| 260 |
_a _b _c |
||
| 264 | 1 |
_aBaja California : _bUniversidad Autónoma de Baja California, _c©2009 |
|
| 300 |
_a303 páginas : _bilustraciones, planos ; _c29 cm |
||
| 336 |
_2rdacontent _atexto _btxt |
||
| 337 |
_2rdamedia _asin medio _bn |
||
| 338 |
_2rdacarrier _avolumen _bnc |
||
| 650 | 7 |
_2armarc _aArquitectura pública _zMéxico _zMexicali _xHistoria _ySiglo XX |
|
| 650 | 7 |
_2armarc _aEdificios escolares _zMéxico _zMexicali _xHistoria _ySiglo XX |
|
| 651 | 4 |
_aMexicali (México) _xEdificios, estructuras, etc. |
|
| 700 | 1 |
_aRobles Cairo, Cuauhtémoc, _eautor |
|
| 942 |
_2ddc _cLI _h720.97223 _iG63 _n |
||
| 999 |
_c24722 _d24722 |
||